书目信息 |
| 题名: |
校长论教
|
|
| 作者: | ;汤剑文工作室 编著 | |
| 分册: | ||
| 出版信息: | 广州 广东人民出版社 2019.04 |
|
| 页数: | 267页 | |
| 开本: | 21cm | |
| 丛书名: | ||
| 单 册: | ||
| 中图分类: | G47-53 , G527.653-53 | |
| 科图分类: | ||
| 主题词: | 学校管理--xue jiao guan li--中山--文集 , 教育工作--jiao yu gong zuo--工作经验--中山--文集 | |
| 电子资源: | ||
| ISBN: | 978-7-218-13389-8 | |
| 000 | 01107nam0 2200265 450 | |
| 001 | 0104125622 | |
| 005 | 20201104125712.0 | |
| 010 | @a978-7-218-13389-8@dCNY45.00 | |
| 100 | @a20190520d2019 em y0chiy50 ea | |
| 101 | 0 | @achi |
| 102 | @aCN@b440000 | |
| 105 | @aa z 000yy | |
| 106 | @ar | |
| 200 | 1 | @a校长论教@Axiao zhang lun jiao@e做有思想的教育者@f汤剑文工作室编著 |
| 210 | @a广州@c广东人民出版社@d2019.04 | |
| 215 | @a267页@c图@d21cm | |
| 330 | @a本书汇集9位国内名校长数十年来关于办校治学的理性思考与经验心得,涉及校园文化建设、学生全面发展、教师队伍水平提高及校长自身素质的提升等方方面面,既有教学实际案例的呈现,更有创新办学理念的提炼,结构严谨,语言生动,可读性强,力求打造成教育管理研究者、校长等学校管理者的案头读本。 | |
| 517 | 1 | @a做有思想的教育者@Azuo you si xiang de jiao yu zhe |
| 606 | 0 | @a学校管理@Axue jiao guan li@y中山@j文集 |
| 606 | 0 | @a教育工作@Ajiao yu gong zuo@x工作经验@y中山@j文集 |
| 690 | @aG47-53@v5 | |
| 690 | @aG527.653-53@v5 | |
| 711 | 02 | @a汤剑文工作室@Atang jian wen gong zuo shi@4编著 |
| 801 | 0 | @aCN@bBJSZM@c20201104 |
| 905 | @b1260466-70@dG47-53@e240@f5 | |
| 校长论教:做有思想的教育者/汤剑文工作室编著.-广州:广东人民出版社,2019.04 |
| 267页:图;21cm |
| ISBN 978-7-218-13389-8:CNY45.00 |
| 本书汇集9位国内名校长数十年来关于办校治学的理性思考与经验心得,涉及校园文化建设、学生全面发展、教师队伍水平提高及校长自身素质的提升等方方面面,既有教学实际案例的呈现,更有创新办学理念的提炼,结构严谨,语言生动,可读性强,力求打造成教育管理研究者、校长等学校管理者的案头读本。 |
| ● |
| 相关链接 |
|
|
|
|
正题名:校长论教
索取号:G47-53/240
 
预约/预借
| 序号 | 登录号 | 条形码 | 馆藏地/架位号 | 状态 | 备注 |
| 1 | 1260466 | 212604662 | 第一样本阅览室/ [索取号:G47-53/240] | 在馆 | |
| 2 | 1260467 | 212604671 | 教育系资料室/ [索取号:G47-53/240] | 在馆 | |
| 3 | 1260468 | 212604680 | 教育系资料室/ [索取号:G47-53/240] | 在馆 | |
| 4 | 1260469 | 212604699 | 第四借阅区/ [索取号:G47-53/240] | 在馆 | |
| 5 | 1260470 | 212604706 | 第四借阅区/ [索取号:G47-53/240] | 在馆 |